| 000 | 00916nam a2200313Ia 4500 | ||
|---|---|---|---|
| 001 | dia_3557 | ||
| 003 | CHAP | ||
| 005 | 20230704091358.0 | ||
| 008 | 220117s2006 xx 000 0 und d | ||
| 010 | _a176999 | ||
| 020 | _a978-0-19-860990-2 | ||
| 040 | _cCHAP | ||
| 082 | _a641.22 O94 2006 | ||
| 245 |
_aThe Oxford companion to wine / _c edición Jancis Robinson y Julia Harding |
||
| 260 |
_aEstados Unidos de América : _b Oxford University Press, _c2006 |
||
| 300 | _axxiv, 813 p. | ||
| 503 | _aC. | ||
| 590 | _aTP548 O94 2006 | ||
| 650 |
_aVinificación _9151244 |
||
| 650 |
_aVino _9119855 |
||
| 650 |
_aWine _9154238 |
||
| 650 |
_awinemaking _9151246 |
||
| 700 |
_aHarding, Julia, ed. _9159902 |
||
| 700 |
_aRobinson, Jancis, ed. _9159903 |
||
| 901 | _a641.22 O94 2006 | ||
| 902 | _aA | ||
| 905 | _a5232272006 -usaimn8222223322eng16 | ||
| 942 |
_cLIBRO _2ddc |
||
| 999 |
_c176999 _d176999 |
||